| 000 | 00829nam a2200229Ia 4500 | ||
|---|---|---|---|
| 003 | BUBTL | ||
| 008 | 151213s9999 xx 000 0 und d | ||
| 041 | _aইংরেজী ও বাংলা | ||
| 082 | _a343.025492/ C4595l/ 2007 | ||
| 100 |
_a চেীধুরী, আজিজুর রহমান _95471 |
||
| 245 |
_aবাংলাদেশ ভুমি আইন/ _cআজিজুর রহমান চেীধুরী |
||
| 250 | _a1st ed. | ||
| 260 |
_aDhaka _bজলি ’ল’ বুক সেন্টার। _cc2007 |
||
| 300 |
_a744p. : _bill. ; 21 cm. |
||
| 526 | _aLaw | ||
| 650 | _aLaw | ||
| 650 | _a | ||
| 700 |
_aআজিজুর রহমান চেীধুরী। _95472 |
||
| 856 |
_k0 _l0 _yDownload |
||
| 942 |
_2ddc _cBK |
||
| 999 |
_c3157 _d3157 |
||